| 000 | 00944cab a22002055a 4500 | ||
|---|---|---|---|
| 001 | L154328 | ||
| 008 | 111114e20111104xxk 000 0 eng d | ||
| 035 | _a(Sirsi) u154328 | ||
| 041 | 0 | _aeng | |
| 100 | 1 | _aBaker, Kat | |
| 245 | 0 | 0 | _aRetail's exiled agents |
| 260 | _c2011 | ||
| 490 | 0 |
_aProperty Week _v77(44) 4 November 2011, 36-37(2) |
|
| 520 | _aRetail property agents are having to adjust to a new reality as retailers and landlords have been forced by economic conditions to negotiate directly with one another, cutting out the middle man/agent. Does this disintermediation signal the demise of retail agents? Agents are no longer often being asked to source premises and are also increasingly missing out on rent review negotiations. | ||
| 590 | _aKA | ||
| 651 | 4 |
_aUnited Kingdom _y |
|
| 690 | _aPROPERTY-COMMERCIAL PROPERTY-RETAIL PROPERTY | ||
| 690 | _aPROPERTY-COMMERCIAL PROPERTY-COMMERCIAL PROPERTY MARKET | ||
| 942 | _n0 | ||
| 999 |
_c83578 _d83578 |
||